[Event "Bundesliga 2021-22"]
[Site "Dusseldorf GER"]
[Date "2022.05.28"]
[Round "9.8"]
[Board "3"]
[White "Bruedigam, Martin"]
[Black "Koch, Thomas1"]
[Result "1/2-1/2"]
[WhiteTitle "IM"]
[BlackTitle "IM"]
[WhiteElo "2386"]
[BlackElo "2458"]
[WhiteTeam "SK Koenig Tegel"]
[BlackTeam "Aachener SV"]
[WhiteFideId "24608033"]
[BlackFideId "4600533"]
[EventDate "2022.03.05"]

1. e4 c5 2. Nf3 d6 3. Bb5+ Nd7 4. d4 cxd4 5. Qxd4 a6 6. Bxd7+ Bxd7 7. c4 e5 8.
Qd3 Rc8 9. Nc3 Qc7 10. b3 b5 11. Nd5 Qc6 12. Be3 Nf6 13. Rc1 Nxd5 14. exd5 Qb7
15. O-O f6 16. Nd2 Be7 17. c5 dxc5 18. d6 Bd8 19. Rxc5 Rxc5 20. Bxc5 O-O 21. Ne4
Bc6 22. f3 f5 23. Nc3 Rf7 24. Rd1 e4 25. fxe4 fxe4 26. Qd2 Rf5 27. b4 h6 28. Qc2
Kh8 29. Ne2 Rf7 30. Ng3 Bh4 31. Be3 Bd5 32. Qc5 Bc4 33. Nf5 Bd8 34. Bd4 Kh7 35.
Ne3 Bxa2 36. Re1 Be6 37. h3 Bg5 38. Rd1 Bd7 39. Qc3 Be6 40. Bc5 Bf4 41. Qd4 Bg3
42. Rf1 Rxf1+ 43. Nxf1 Bh4 44. Nd2 Bf5 45. Qe5 Bg6 46. Bd4 Bf6 47. Qc5 Bd8 48.
Nb3 Qf7 49. Na5 Bxa5 50. bxa5 Bf5 51. Qe5 h5 52. Bc3 Kg8 53. Qd4 Kh7 54. Qe5
Qa7+ 55. Bd4 Qd7 56. Bc3 Kg6 57. h4 Kh7 58. Kf2 Qf7 59. Qd4 Bd7+ 60. Kg1 Qg6 61.
Qe5 Qg4 62. Qe7 b4 63. Bxb4 e3 64. Be1 Bc6 65. Qg5 Qxg5 66. hxg5 Kg6 67. Bc3
Kxg5 68. Bxg7 Kf4 69. Bh6+ Ke4 70. Kf1 Bb5+ 71. Ke1 Kd3 72. d7 Bxd7 73. g3 Ke4
74. Bf8 Kf3 75. Bd6 Bb5 76. Bc7 Bc4 77. Bd6 Ke4 78. Bc5 Be6 79. Bb6 Kf3 1/2-1/2

[Event "Bundesliga 2021-22"]
[Site "Dusseldorf GER"]
[Date "2022.05.28"]
[Round "9.8"]
[Board "4"]
[White "Vandenbussche, Thibaut"]
[Black "Fruebing, Stefan"]
[Result "1/2-1/2"]
[WhiteTitle "IM"]
[BlackTitle "IM"]
[WhiteElo "2407"]
[BlackElo "2374"]
[WhiteTeam "Aachener SV"]
[BlackTeam "SK Koenig Tegel"]
[WhiteFideId "204412"]
[BlackFideId "4682165"]
[EventDate "2022.03.05"]

1. e4 e5 2. Nf3 Nc6 3. Nc3 Nf6 4. Bb5 Nd4 5. O-O Nxb5 6. Nxb5 c6 7. Nc3 d6 8. d4
Qc7 9. Bg5 Be7 10. a4 O-O 11. Qd3 Bg4 12. Bxf6 Bxf6 13. d5 c5 14. h3 Bd7 15.
Rfd1 b6 16. a5 c4 17. axb6 axb6 18. Qd2 Ra7 19. Rxa7 Qxa7 20. Nb1 Qa4 21. Na3
Ra8 22. c3 Qb3 23. Ra1 h6 24. Qc1 Bg5 25. Nxg5 hxg5 26. g4 f6 27. Kg2 Kf7 28.
Rb1 Ba4 29. Ra1 Bd7 30. Rb1 Ba4 31. Ra1 1/2-1/2

[Event "Bundesliga 2021-22"]
[Site "Dusseldorf GER"]
[Date "2022.05.28"]
[Round "9.8"]
[Board "5"]
[White "Mueller, Nick"]
[Black "Piceu, Tom"]
[Result "1/2-1/2"]
[WhiteTitle "FM"]
[BlackTitle "IM"]
[WhiteElo "2375"]
[BlackElo "2331"]
[WhiteTeam "SK Koenig Tegel"]
[BlackTeam "Aachener SV"]
[WhiteFideId "24692093"]
[BlackFideId "201952"]
[EventDate "2022.03.05"]

1. d4 Nf6 2. c4 g6 3. Nc3 Bg7 4. e4 d6 5. f3 O-O 6. Nge2 c5 7. d5 e6 8. Ng3 exd5
9. cxd5 a6 10. a4 h5 11. Bg5 Qa5 12. Qd2 Nbd7 13. Be2 Nh7 14. Bh6 b5 15. Bxg7
Kxg7 16. O-O b4 17. Nd1 h4 18. Nh1 Qd8 19. f4 Re8 20. Nhf2 Nhf6 21. Bf3 a5 22.
b3 Ba6 23. Re1 Rc8 24. Ne3 c4 25. bxc4 Bxc4 26. Qb2 Kg8 27. g4 hxg3 28. hxg3 Ba6
29. Kg2 Rc3 30. Nfd1 Nc5 31. Nxc3 Nd3 32. Qc2 Nxe1+ 33. Rxe1 bxc3 34. Qxc3 Bc8
35. Rh1 Nh7 36. Nc4 Qc7 37. Qd4 Bd7 38. Re1 Rb8 39. e5 Rb4 40. Be2 Bxa4 41. exd6
Qxd6 42. Qh8+ Kxh8 43. Nxd6 Kg7 44. Bf3 Rb2+ 45. Kg1 Rb3 46. Kg2 Rb2+ 47. Kg1
Rb3 48. Kg2 1/2-1/2

[Event "Bundesliga 2021-22"]
[Site "Dusseldorf GER"]
[Date "2022.05.28"]
[Round "9.8"]
[Board "6"]
[White "Lemmers, Oscar"]
[Black "Rietze, Clemens"]
[Result "1/2-1/2"]
[WhiteTitle "IM"]
[BlackTitle "FM"]
[WhiteElo "2337"]
[BlackElo "2279"]
[WhiteTeam "Aachener SV"]
[BlackTeam "SK Koenig Tegel"]
[WhiteFideId "1002759"]
[BlackFideId "24620351"]
[EventDate "2022.03.05"]

1. e4 c6 2. c4 d5 3. exd5 cxd5 4. cxd5 Nf6 5. Nc3 Nxd5 6. Nf3 Nc6 7. d4 Bg4 8.
Qb3 Bxf3 9. gxf3 Nb6 10. d5 Nd4 11. Bb5+ Nd7 12. Qa4 Nxb5 13. Qxb5 g6 14. O-O
Bg7 15. Re1 O-O 16. Bg5 Bxc3 17. bxc3 f6 18. Be3 b6 19. Bd4 Rc8 20. Qe2 Rf7 21.
c4 1/2-1/2

[Event "Bundesliga 2021-22"]
[Site "Dusseldorf GER"]
[Date "2022.05.28"]
[Round "9.8"]
[Board "7"]
[White "Breier, Andreas"]
[Black "Klein, Felix"]
[Result "1/2-1/2"]
[WhiteTitle "FM"]
[BlackTitle "FM"]
[WhiteElo "2368"]
[BlackElo "2266"]
[WhiteTeam "SK Koenig Tegel"]
[BlackTeam "Aachener SV"]
[WhiteFideId "4630408"]
[BlackFideId "24600458"]
[EventDate "2022.03.05"]

1. d4 d5 2. Nf3 e6 3. g3 Nf6 4. Bg2 Be7 5. O-O O-O 6. b3 b6 7. Bb2 Bb7 8. Nbd2
c5 9. Ne5 Nc6 10. Ndf3 Rc8 11. c4 Na5 12. dxc5 Bxc5 13. cxd5 Bxd5 14. Qd2 Qe7
15. Qf4 Bd6 16. Qd4 Nc6 17. Nxc6 Bxc6 18. Ne5 Bxg2 19. Kxg2 Bc5 20. Qh4 Rfd8 21.
Nd3 Qb7+ 22. Kg1 Be7 23. Rac1 h6 24. Rc4 Rxc4 25. Qxc4 Rc8 26. Qf4 Qe4 27. Qd2
Nd5 28. Rc1 Rxc1+ 29. Nxc1 Qb1 30. Kg2 Bg5 31. e3 Qe4+ 32. Kh3 Qf5+ 33. Kg2 Qe4+
34. Kh3 Qf5+ 1/2-1/2

[Event "Bundesliga 2021-22"]
[Site "Dusseldorf GER"]
[Date "2022.05.28"]
[Round "9.8"]
[Board "8"]
[White "Coenen, Norbert"]
[Black "Dimitrijeski, Kristian"]
[Result "1/2-1/2"]
[WhiteTitle "IM"]
[BlackTitle "CM"]
[WhiteElo "2270"]
[BlackElo "2137"]
[WhiteTeam "Aachener SV"]
[BlackTeam "SK Koenig Tegel"]
[WhiteFideId "4619455"]
[BlackFideId "4627229"]
[EventDate "2022.03.05"]

1. e4 e5 2. Nf3 Nc6 3. Bc4 Bc5 4. c3 Nf6 5. d4 exd4 6. e5 d5 7. Be2 Ne4 8. cxd4
Bb6 9. O-O O-O 10. Nc3 Bg4 11. Be3 Ne7 12. h3 Bh5 13. Qc2 Bg6 14. Qb3 c6 15. Nh4
Nxc3 16. Qxc3 Nf5 17. Nxf5 Bxf5 18. g4 Bg6 19. f4 f5 20. exf6 Qxf6 21. f5 Bf7
22. g5 Qd8 23. Bg4 a5 24. Qd3 Qd6 25. Kh1 Kh8 26. Bf4 Qd8 27. g6 Bg8 28. Qe3 Bc7
29. gxh7 Bxh7 30. Be5 Bxe5 31. dxe5 Qe7 32. Rae1 Rad8 33. Qf4 d4 34. f6 gxf6 35.
exf6 Qd6 36. Qh6 Qd5+ 37. Kg1 Qg8 38. Re7 Rf7 39. Rfe1 Rdf8 40. Rxf7 Rxf7 41.
Re6 d3 42. Qe3 Qg6 43. Qd4 Qg5 44. Qd8+ Bg8 45. Qxd3 Rxf6 46. Qe3 Qxe3+ 47. Rxe3
Bxa2 48. Ra3 Bc4 49. Rxa5 Rf1+ 50. Kg2 Rb1 51. Rh5+ Kg7 52. Rh7+ Kxh7 53. Bf5+
Kh6 1/2-1/2

[Event "Bundesliga 2021-22"]
[Site "Hamburg GER"]
[Date "2022.05.29"]
[Round "10.1"]
[Board "1"]
[White "Svane, Rasmus"]
[Black "Nisipeanu, Liviu-Dieter"]
[Result "1/2-1/2"]
[WhiteTitle "GM"]
[BlackTitle "GM"]
[WhiteElo "2637"]
[BlackElo "2652"]
[WhiteTeam "Hamburger SK"]
[BlackTeam "USV TU Dresden"]
[WhiteFideId "4657101"]
[BlackFideId "1202758"]
[EventDate "2022.03.05"]

1. Nf3 Nf6 2. c4 e6 3. g3 d5 4. d4 Be7 5. Bg2 O-O 6. Nc3 dxc4 7. Ne5 Nc6 8. Bxc6
bxc6 9. Nxc6 Qe8 10. Nxe7+ Qxe7 11. Qa4 Nd5 12. O-O a5 13. Re1 Rd8 14. Qxc4 Qb4
15. Qxb4 Nxb4 16. Rd1 Nc2 17. Bg5 f6 18. Rac1 Nxd4 19. Be3 c5 20. Rd2 e5 21. Na4
Ba6 22. Kf1 Ne6 23. Nxc5 Rxd2 24. Bxd2 Nxc5 25. Rxc5 a4 26. Bc3 Bc8 27. a3 Be6
28. e4 g5 29. f3 Rd8 30. Ke2 Rd7 31. Ke3 Kf7 32. Ra5 Bb3 33. f4 gxf4+ 34. gxf4
exf4+ 35. Kxf4 Rd1 36. h4 Rh1 37. h5 Rh4+ 38. Ke3 Rh3+ 39. Kf4 Rh4+ 40. Ke3 Rh3+
41. Kf2 Rh4 42. Ra7+ Kg8 43. Ke3 Rxh5 44. Bxf6 Rh1 45. Kf4 Rf1+ 46. Ke5 Rf2 47.
Rg7+ Kf8 48. Rxh7 Rxb2 49. Kf5 Rg2 50. Rc7 Ke8 51. e5 Rf2+ 52. Ke4 Re2+ 53. Kd3
Re1 54. Kd2 Rd1+ 55. Ke2 Rd7 56. Rc6 Kf7 57. Bg5 Rd4 58. Ke3 Rd1 59. Bf4 Ke7 60.
Ke2 Rd4 61. Ke3 Rd1 62. Kf2 Kd7 63. Rd6+ 1/2-1/2

[Event "Bundesliga 2021-22"]
[Site "Hamburg GER"]
[Date "2022.05.29"]
[Round "10.1"]
[Board "2"]
[White "Bartel, Mateusz"]
[Black "Engel, Luis"]
[Result "1-0"]
[WhiteTitle "GM"]
[BlackTitle "GM"]
[WhiteElo "2616"]
[BlackElo "2564"]
[WhiteTeam "USV TU Dresden"]
[BlackTeam "Hamburger SK"]
[WhiteFideId "1112635"]
[BlackFideId "12961523"]
[EventDate "2022.03.05"]

1. d4 Nf6 2. c4 e6 3. Nc3 Bb4 4. Nf3 O-O 5. Bg5 c5 6. Rc1 cxd4 7. Nxd4 b6 8. Nb5
a6 9. Nd6 Qc7 10. Nxc8 Rxc8 11. Bxf6 gxf6 12. e3 Nc6 13. Be2 b5 14. cxb5 axb5
15. a3 Bxc3+ 16. Rxc3 Qb7 17. O-O Ne5 18. Rb3 Rc5 19. f4 Nc4 20. Qd4 Rac8 21. e4
e5 22. fxe5 Rxe5 23. Bxc4 Rxc4 24. Rg3+ Rg5 25. Qxf6 Rxg3 26. Qxf7+ Kh8 27. Qe8+ 1-0

[Event "Bundesliga 2021-22"]
[Site "Hamburg GER"]
[Date "2022.05.29"]
[Round "10.1"]
[Board "3"]
[White "Lampert, Jonas"]
[Black "Gajewski, Grzegorz"]
[Result "1/2-1/2"]
[WhiteTitle "GM"]
[BlackTitle "GM"]
[WhiteElo "2542"]
[BlackElo "2589"]
[WhiteTeam "Hamburger SK"]
[BlackTeam "USV TU Dresden"]
[WhiteFideId "1303759"]
[BlackFideId "1116207"]
[EventDate "2022.03.05"]

1. d4 Nf6 2. c4 e6 3. g3 Bb4+ 4. Bd2 Be7 5. Bg2 d5 6. Nf3 O-O 7. O-O Nbd7 8. a4
a5 9. Qc2 c6 10. Rc1 h6 11. Be1 Re8 12. Nbd2 Bd6 13. e4 dxe4 14. Nxe4 Nxe4 15.
Qxe4 e5 16. dxe5 Nxe5 17. Bc3 Nxf3+ 18. Qxf3 Qg5 19. Re1 Bg4 20. Qd3 Bc5 21. h4
Qh5 22. Rxe8+ Rxe8 23. Re1 1/2-1/2

[Event "Bundesliga 2021-22"]
[Site "Hamburg GER"]
[Date "2022.05.29"]
[Round "10.1"]
[Board "4"]
[White "Pechac, Jergus"]
[Black "Svane, Frederik"]
[Result "1-0"]
[WhiteTitle "GM"]
[BlackTitle "IM"]
[WhiteElo "2599"]
[BlackElo "2496"]
[WhiteTeam "USV TU Dresden"]
[BlackTeam "Hamburger SK"]
[WhiteFideId "14926970"]
[BlackFideId "12923044"]
[EventDate "2022.03.05"]

1. d4 Nf6 2. Nf3 d5 3. c4 e6 4. Nc3 c5 5. cxd5 cxd4 6. Qxd4 exd5 7. e4 dxe4 8.
Qxd8+ Kxd8 9. Ng5 Be6 10. a3 Nbd7 11. g3 Bc5 12. Nxe6+ fxe6 13. Bg2 Rf8 14. O-O
e3 15. fxe3 Rb8 16. b4 Bb6 17. a4 Ng4 18. Re1 a5 19. Nb5 axb4 20. a5 Bc5 21. Nd4
Ke7 22. a6 Bxd4 23. exd4 bxa6 24. Rxa6 Rb6 25. Rxb6 Nxb6 26. d5 e5 27. Bd2 Rd8
28. Bxb4+ Kf7 29. d6 Nf6 30. Rxe5 Nc8 31. Bh3 Nxd6 32. Be6+ Kg6 33. h4 h5 34.
Kg2 Nde8 35. Bf5+ Kf7 36. Kf3 Rb8 37. Bc5 Rb7 38. Be6+ Kg6 39. Kf4 Rb5 40. Bf5+
Kf7 41. Kg5 Kg8 42. Kg6 Kh8 43. Be6 Ra5 44. Bf7 Ra6 45. Re6 Ra8 46. Bd4 Ra4 47.
Be5 Ra8 48. g4 hxg4 49. h5 Ra5 50. h6 gxh6 51. Rxe8# 1-0

[Event "Bundesliga 2021-22"]
[Site "Hamburg GER"]
[Date "2022.05.29"]
[Round "10.1"]
[Board "5"]
[White "Ftacnik, Lubomir"]
[Black "Vogel, Roven"]
[Result "0-1"]
[WhiteTitle "GM"]
[BlackTitle "IM"]
[WhiteElo "2495"]
[BlackElo "2447"]
[WhiteTeam "Hamburger SK"]
[BlackTeam "USV TU Dresden"]
[WhiteFideId "14900017"]
[BlackFideId "12908088"]
[EventDate "2022.03.05"]

1. Nf3 d5 2. g3 g6 3. Bg2 Bg7 4. d4 Nf6 5. O-O O-O 6. c4 c6 7. Qb3 a5 8. cxd5 a4
9. Qd1 cxd5 10. Nc3 Qa5 11. Bd2 Nc6 12. e3 e6 13. Rc1 Qa6 14. Re1 Bd7 15. Bf1
Qa7 16. Ne5 Nxe5 17. dxe5 Ne8 18. Nxd5 exd5 19. Bb4 Bc6 20. e4 dxe4 21. Bg2 Bxe5
22. Bxf8 Kxf8 23. Bxe4 Bxe4 24. Rxe4 Bxb2 25. Rc2 a3 26. Qd7 Nf6 27. Qe7+ Kg8
28. Rc7 Rf8 29. Rxb7 Qa5 30. Rc4 Qd5 31. Rbc7 Re8 32. Rc8 Qxc4 33. Qxe8+ Nxe8
34. Rxc4 Nf6 35. Kf1 Nd5 36. Ke2 Nc3+ 37. Kd2 Nxa2 38. Kc2 Kg7 39. f4 Nc3 0-1

[Event "Bundesliga 2021-22"]
[Site "Hamburg GER"]
[Date "2022.05.29"]
[Round "10.1"]
[Board "6"]
[White "Druska, Juraj"]
[Black "Heinemann, Thies"]
[Result "1-0"]
[WhiteTitle "IM"]
[BlackTitle "GM"]
[WhiteElo "2503"]
[BlackElo "2495"]
[WhiteTeam "USV TU Dresden"]
[BlackTeam "Hamburger SK"]
[WhiteFideId "14915650"]
[BlackFideId "4601556"]
[EventDate "2022.03.05"]

1. d4 Nf6 2. c4 e6 3. Nc3 Bb4 4. e3 b6 5. Ne2 c5 6. a3 Ba5 7. Rb1 Na6 8. Ng3 h5
9. h4 Bxc3+ 10. bxc3 d6 11. e4 Ng8 12. Nxh5 Kf8 13. Bg5 Qc7 14. Be2 Bd7 15. e5
dxe5 16. dxe5 Bc6 17. f4 Ne7 18. Kf2 Rd8 19. Qc2 Qb7 20. Rbd1 Re8 21. Rh2 Be4
22. Qd2 Nb8 23. Qd6 Kg8 24. Ng3 Nf5 25. Nxe4 Nxd6 26. Nxd6 Qc6 27. Nxe8 Nd7 28.
Rh3 Kf8 29. Rhd3 Kxe8 30. Bf3 Qa4 31. Rxd7 Qxd7 32. Bc6 1-0

[Event "Bundesliga 2021-22"]
[Site "Hamburg GER"]
[Date "2022.05.29"]
[Round "10.1"]
[Board "7"]
[White "Sebastian, Dirk"]
[Black "Maiwald, Jens-Uwe"]
[Result "1-0"]
[WhiteTitle "IM"]
[BlackTitle "GM"]
[WhiteElo "2445"]
[BlackElo "2426"]
[WhiteTeam "Hamburger SK"]
[BlackTeam "USV TU Dresden"]
[WhiteFideId "4637607"]
[BlackFideId "4612396"]
[EventDate "2022.03.05"]

1. e4 c5 2. Nf3 e6 3. d4 cxd4 4. Nxd4 Nc6 5. Nc3 Qc7 6. Be3 a6 7. Qf3 Nf6 8.
O-O-O h5 9. Nxc6 bxc6 10. Bc4 Be7 11. h3 Bb7 12. Bf4 e5 13. Bg5 h4 14. g3 hxg3
15. fxg3 d6 16. g4 Rc8 17. Kb1 Rb8 18. Rhf1 O-O 19. Bxf6 Bxf6 20. g5 Bxg5 21.
Qh5 Qe7 22. Rf5 Bh6 23. Rg1 Kh8 24. Rfg5 Qf6 25. Rf5 Qe7 26. Bxf7 1-0

[Event "Bundesliga 2021-22"]
[Site "Hamburg GER"]
[Date "2022.05.29"]
[Round "10.1"]
[Board "8"]
[White "Hoffmann, Paul"]
[Black "Woelk, Tom-Frederic"]
[Result "1-0"]
[WhiteTitle "IM"]
[BlackTitle "FM"]
[WhiteElo "2378"]
[BlackElo "2348"]
[WhiteTeam "USV TU Dresden"]
[BlackTeam "Hamburger SK"]
[WhiteFideId "4664450"]
[BlackFideId "12993077"]
[EventDate "2022.03.05"]

1. e4 c5 2. Nf3 e6 3. g3 Nc6 4. Bg2 Nf6 5. d3 d5 6. Nbd2 Be7 7. O-O O-O 8. a4 a6
9. Re1 Rb8 10. e5 Nd7 11. Nf1 b5 12. axb5 axb5 13. h4 Qc7 14. Bf4 d4 15. N1h2
Nb6 16. Ng5 Bxg5 17. hxg5 Ne7 18. Qh5 Ng6 19. Ng4 Nd5 20. Bd2 Nb4 21. Re2 Bb7
22. Bxb4 cxb4 23. f4 Ra8 24. Rf1 Ra2 25. Bxb7 Qxb7 26. Nf6+ gxf6 27. gxf6 Ne7
28. Qg5+ Ng6 29. Qh6 1-0

[Event "Bundesliga 2021-22"]
[Site "Hamburg GER"]
[Date "2022.05.29"]
[Round "10.2"]
[Board "1"]
[White "Esipenko, Andrey"]
[Black "Postny, Evgeny"]
[Result "1/2-1/2"]
[WhiteTitle "GM"]
[BlackTitle "GM"]
[WhiteElo "2723"]
[BlackElo "2568"]
[WhiteTeam "SK Doppelbauer Turm Kiel"]
[BlackTeam "BCA Augsburg"]
[WhiteFideId "24175439"]
[BlackFideId "2804344"]
[EventDate "2022.03.05"]

1. e4 e5 2. Nf3 Nc6 3. Bb5 Nf6 4. O-O Nxe4 5. d4 Nd6 6. Ba4 e4 7. Ne5 Be7 8. Nc3
O-O 9. Re1 a6 10. Nxe4 Nxe4 11. Rxe4 Nxe5 12. dxe5 d5 13. exd6 Bxd6 14. Bf4 Bxf4
15. Rxf4 Qxd1+ 16. Rxd1 Be6 17. Bb3 Rfd8 18. Rfd4 Rxd4 19. Rxd4 Bxb3 20. axb3
Kf8 21. Rd7 Re8 22. Kf1 Re7 23. Rd8+ Re8 24. Rd7 Re7 25. Rd8+ Re8 26. Rd7 1/2-1/2

[Event "Bundesliga 2021-22"]
[Site "Hamburg GER"]
[Date "2022.05.29"]
[Round "10.2"]
[Board "2"]
[White "Prusikin, Michael"]
[Black "Lupulescu, Constantin"]
[Result "1/2-1/2"]
[WhiteTitle "GM"]
[BlackTitle "GM"]
[WhiteElo "2541"]
[BlackElo "2622"]
[WhiteTeam "BCA Augsburg"]
[BlackTeam "SK Doppelbauer Turm Kiel"]
[WhiteFideId "4642325"]
[BlackFideId "1207822"]
[EventDate "2022.03.05"]

1. d4 Nf6 2. c4 e6 3. Nf3 d5 4. Nc3 Nbd7 5. Bf4 dxc4 6. e3 Bd6 7. Bxd6 cxd6 8.
Bxc4 Nb6 9. Bb3 Bd7 10. e4 Bc6 11. Qd3 d5 12. e5 Ne4 13. O-O Nc4 14. Bxc4 dxc4
15. Qxc4 Nxc3 16. Qxc3 Bxf3 17. Qxf3 Qxd4 18. Qa3 O-O-O 19. Qf3 Rhf8 20. Rad1
Qxe5 1/2-1/2

[Event "Bundesliga 2021-22"]
[Site "Hamburg GER"]
[Date "2022.05.29"]
[Round "10.2"]
[Board "3"]
[White "Khenkin, Igor"]
[Black "Nestorovic, Nikola"]
[Result "1/2-1/2"]
[WhiteTitle "GM"]
[BlackTitle "GM"]
[WhiteElo "2509"]
[BlackElo "2456"]
[WhiteTeam "SK Doppelbauer Turm Kiel"]
[BlackTeam "BCA Augsburg"]
[WhiteFideId "4659600"]
[BlackFideId "934526"]
[EventDate "2022.03.05"]

1. d4 Nf6 2. c4 e6 3. Nf3 d5 4. Nc3 c6 5. Bg5 dxc4 6. e4 b5 7. e5 h6 8. Bh4 g5
9. Nxg5 hxg5 10. Bxg5 Be7 11. exf6 Bxf6 12. Bxf6 Qxf6 13. g3 Na6 14. Bg2 Bb7 15.
Ne4 Qe7 16. O-O O-O-O 17. a4 f5 18. axb5 cxb5 19. Rxa6 Bxa6 20. Nc5 Qxc5 21.
dxc5 Rxd1 22. Rxd1 b4 23. h4 1/2-1/2

[Event "Bundesliga 2021-22"]
[Site "Hamburg GER"]
[Date "2022.05.29"]
[Round "10.2"]
[Board "4"]
[White "Rozentalis, Eduardas"]
[Black "Gavrilescu, David"]
[Result "1/2-1/2"]
[WhiteTitle "GM"]
[BlackTitle "IM"]
[WhiteElo "2539"]
[BlackElo "2512"]
[WhiteTeam "BCA Augsburg"]
[BlackTeam "SK Doppelbauer Turm Kiel"]
[WhiteFideId "12800023"]
[BlackFideId "1227190"]
[EventDate "2022.03.05"]

1. e4 c5 2. Nf3 d6 3. Bb5+ Nd7 4. d4 cxd4 5. Qxd4 a6 6. Bxd7+ Bxd7 7. c4 b5 8.
Nc3 e5 9. Qd3 bxc4 10. Qxc4 Be6 11. Qc6+ Bd7 12. Qc4 Be6 13. Qc6+ Bd7 14. Qc4 1/2-1/2

[Event "Bundesliga 2021-22"]
[Site "Hamburg GER"]
[Date "2022.05.29"]
[Round "10.2"]
[Board "5"]
[White "Meshkovs, Nikita"]
[Black "Stankovic, Milos"]
[Result "1-0"]
[WhiteTitle "GM"]
[BlackTitle "IM"]
[WhiteElo "2561"]
[BlackElo "2435"]
[WhiteTeam "SK Doppelbauer Turm Kiel"]
[BlackTeam "BCA Augsburg"]
[WhiteFideId "11602740"]
[BlackFideId "938190"]
[EventDate "2022.03.05"]

1. d4 Nf6 2. c4 g6 3. Nc3 d5 4. cxd5 Nxd5 5. e4 Nxc3 6. bxc3 Bg7 7. Qa4+ c6 8.
Nf3 O-O 9. Be2 c5 10. O-O Bg4 11. Be3 Nc6 12. Rfd1 Qc7 13. Rac1 Rfd8 14. h3 Bd7
15. Qa3 Na5 16. Qxc5 Qxc5 17. dxc5 Be6 18. Rxd8+ Rxd8 19. Nd2 Bxa2 20. Ra1 Be6
21. Rxa5 Bxc3 22. Nb3 Bxa5 23. Nxa5 Rd7 24. c6 bxc6 25. Nxc6 Rb7 26. Nxa7 Bd7
27. e5 Rb4 28. Bf3 Ra4 29. Nc6 Bxc6 30. Bxc6 Ra6 31. Bd7 e6 32. Bh6 Ra7 33. Bc6
Ra6 34. Be4 Ra1+ 35. Kh2 Ra5 36. f4 Ra3 37. Bf3 Ra4 38. Kg3 Ra7 39. Kg4 Rc7 40.
Kg5 Ra7 41. Kf6 Rc7 42. h4 Kh8 43. f5 gxf5 44. Bf8 Kg8 45. Be7 Rc2 46. Bh5 Rxg2
47. Bxf7+ Kh8 48. Bxe6 f4 49. Kf7 h5 50. Bf6+ Kh7 51. Bg5 1-0

[Event "Bundesliga 2021-22"]
[Site "Hamburg GER"]
[Date "2022.05.29"]
[Round "10.2"]
[Board "6"]
[White "Schmittdiel, Eckhard"]
[Black "Pakleza, Zbigniew"]
[Result "1/2-1/2"]
[WhiteTitle "GM"]
[BlackTitle "GM"]
[WhiteElo "2402"]
[BlackElo "2500"]
[WhiteTeam "BCA Augsburg"]
[BlackTeam "SK Doppelbauer Turm Kiel"]
[WhiteFideId "4600096"]
[BlackFideId "1119290"]
[EventDate "2022.03.05"]

1. e4 e5 2. Nf3 d6 3. d4 exd4 4. Nxd4 Nf6 5. Nc3 Be7 6. g3 O-O 7. Bg2 a5 8. a4
Re8 9. O-O Na6 10. h3 Bf8 11. Re1 c6 12. b3 Nb4 13. Bb2 d5 14. e5 Nd7 15. f4 Nc5
16. Kh2 Bd7 17. Qd2 f6 18. exf6 Qxf6 19. Rad1 Rxe1 20. Rxe1 Re8 1/2-1/2

[Event "Bundesliga 2021-22"]
[Site "Hamburg GER"]
[Date "2022.05.29"]
[Round "10.2"]
[Board "7"]
[White "Barseghyan, Armen Ar."]
[Black "Costa, Leonardo"]
[Result "1-0"]
[WhiteTitle "IM"]
[BlackTitle "FM"]
[WhiteElo "2348"]
[BlackElo "2320"]
[WhiteTeam "SK Doppelbauer Turm Kiel"]
[BlackTeam "BCA Augsburg"]
[WhiteFideId "13306707"]
[BlackFideId "16213955"]
[EventDate "2022.03.05"]

1. d4 Nf6 2. c4 g6 3. Nc3 Bg7 4. e4 d6 5. Nf3 O-O 6. Be2 e5 7. O-O Nc6 8. dxe5
Nxe5 9. Bf4 Nxf3+ 10. Bxf3 Re8 11. Re1 Be6 12. b3 Nh5 13. Bd2 Nf4 14. Qc2 Be5
15. Rad1 Qf6 16. Nb5 Nh3+ 17. Kf1 g5 18. Be3 g4 19. Be2 Bxh2 20. gxh3 gxh3 21.
Bh5 Qh4 22. Qe2 Qxe4 23. Qf3 Qxf3 24. Bxf3 c6 25. Nc7 1-0

[Event "Bundesliga 2021-22"]
[Site "Hamburg GER"]
[Date "2022.05.29"]
[Round "10.2"]
[Board "8"]
[White "Pitl, Gregory"]
[Black "Arndt, Magnus"]
[Result "1-0"]
[WhiteTitle "IM"]
[BlackTitle "FM"]
[WhiteElo "2379"]
[BlackElo "2345"]
[WhiteTeam "BCA Augsburg"]
[BlackTeam "SK Doppelbauer Turm Kiel"]
[WhiteFideId "4651693"]
[BlackFideId "12998656"]
[EventDate "2022.03.05"]

1. e4 e5 2. Nf3 Nc6 3. Bc4 Nf6 4. d3 Be7 5. Nc3 d6 6. a4 O-O 7. h3 Be6 8. O-O d5
9. exd5 Nxd5 10. Ne4 h6 11. Re1 a6 12. c3 Qd7 13. Ng3 Qd6 14. a5 Rfe8 15. Qb3
Rab8 16. Qa2 Kh8 17. Bd2 Bf8 18. Ne4 Qd7 19. b4 Nf4 20. d4 Bxc4 21. Qxc4 Ng6 22.
d5 Na7 23. Rad1 Nb5 24. Qb3 f5 25. Nc5 Bxc5 26. bxc5 e4 27. c4 exf3 28. cxb5
fxg2 29. b6 cxb6 30. axb6 Rbc8 31. c6 bxc6 32. b7 Rb8 33. dxc6 Qxc6 34. Rxe8+
Qxe8 35. Be3 Qe7 36. Rb1 Qe4 37. Qb4 Qc6 38. Ba7 Ne5 39. Bxb8 Nf3+ 40. Kxg2 Nh4+
41. Kf1 Qh1+ 42. Ke2 Qf3+ 43. Kd2 Qxf2+ 44. Kc3 Qe3+ 45. Kb2 1-0

[Event "Bundesliga 2021-22"]
[Site "Baden Baden GER"]
[Date "2022.05.29"]
[Round "10.3"]
[Board "1"]
[White "Vallejo Pons, Francisco"]
[Black "Jones, Gawain C B"]
[Result "1/2-1/2"]
[WhiteTitle "GM"]
[BlackTitle "GM"]
[WhiteElo "2704"]
[BlackElo "2672"]
[WhiteTeam "OSG Baden-Baden"]
[BlackTeam "Muenchener Schachclub 1836"]
[WhiteFideId "2205530"]
[BlackFideId "409561"]
[EventDate "2022.03.05"]

1. d4 Nf6 2. c4 g6 3. Nc3 Bg7 4. e4 d6 5. Be2 O-O 6. Nf3 e5 7. d5 a5 8. Be3 Na6
9. Nd2 Nd7 10. Nb3 b6 11. h4 f5 12. h5 f4 13. Bd2 Nf6 14. Nc1 Nc5 15. Qc2 Rf7
16. hxg6 hxg6 17. f3 Nfd7 18. Nd3 Bf6 19. O-O-O Bh4 20. Rdf1 Nxd3+ 21. Bxd3 1/2-1/2